| 000 | 00652cam a2200265ua 4500 | ||
|---|---|---|---|
| 041 |
_aeng _h |
||
| 082 |
_a628 _bPAN/EN |
||
| 100 | _aPandey, G N . | ||
| 245 |
_aEnvironmental engineering Part-1,2 / _cG N Pandey. _hTextual Documents |
||
| 250 |
_a1 / _b. |
||
| 260 |
_aNew Delhi : _bTata Mc-Graw Hill Publishing Company , _c1989. |
||
| 300 | _a455 ; . | ||
| 500 | _a* CSS | ||
| 504 | _a | ||
| 700 | 1 | _aCarney, G C . | |
| 942 | _cBK | ||
| 999 |
_c6780 _d6780 |
||